000 00343nam a2200133Ia 4500
008 240624s9999 xx 000 0 und d
041 _aeng
082 _a658.4012 KAC
100 _aKACHRU UPENDRA
245 _aSTRATEGIC MANAGEMENT CONCEPTS AND CASES
260 _c2005
_aNew Delhi
_bExcel Books
300 _axv, : 786 : cm. ; 28
365 _cRS
999 _c4112
_d4112